000
00295nam a22001337a 4500
008
181022b xxu||||| |||| 00| 0 eng d
020
_a
0883444283
041
_a
eng
080
_a
316
100
_a
50
101
_a
SOC
245
_a
Religion and Social Conflicts
_c
Maduro,O
942
_2
udc
_c
BK
999
_c
50379
_d
50379